Vplyv príjmovej nerovnosti na kvalitu života bakalárska práca

Na minha lista:
Detalhes bibliográficos
Autor principal: Bebjaková, Terézia
Autor Corporativo: Národohospodárska fakulta EU. Katedra ekonómie
Outros Autores: Veselková, Alexandra
Formato: Livro
Idioma:eslovaco
Publicado em: Bratislava 2017
Tags: Adicionar Tag
Sem tags, seja o primeiro a adicionar uma tag!

MARC

LEADER 00000nbm a2200000 4500
001 0235350
005 20181213100800.8
041 0 |a slo 
044 |a SK 
245 1 0 |a Vplyv príjmovej nerovnosti na kvalitu života  |b bakalárska práca  |c Terézia Bebjaková ; školiteľ: Alexandra Veselková 
264 1 |a Bratislava  |c 2017 
300 |a 50 s. 
100 1 |a Bebjaková, Terézia 
700 1 |a Veselková, Alexandra 
710 2 |a Národohospodárska fakulta EU. Katedra ekonómie